| 000 | 01147cam a2200241 4500 | ||
|---|---|---|---|
| 001 | WB4012-16 | ||
| 008 | 040325n2004 000 0 eng u | ||
| 035 | _a(Sirsi) u125576 | ||
| 245 | _aFarmers benefit from grants | ||
| 260 | _c2004 | ||
| 490 |
_aDEFRA News Release _v(102/04) 23 March 2004 (2) |
||
| 520 | _aThe government has awarded more grants to help farmers increase efficiency and work together to share best practice. The grants are awarded under the Agricultural Development Scheme (ADS) and are designed to help farmers and the food chain achieve improvements in line with the government's Strategy for Sustainable Farming and Food. Grants are awarded quarterly and applications for the June panel should be submitted by 6 April 2004. More information on ADS is available from http://wwwdefra.gov.uk. http://www.defra.gov.uk/news/2004/040323a.htm | ||
| 590 | _aWB | ||
| 590 | _aWB | ||
| 650 | _aAGRICULTURAL DEVELOPMENT SCHEME | ||
| 650 | _aBEST PRACTICE | ||
| 650 | _aRURAL DEVELOPMENT | ||
| 650 | _aDEVELOPMENT GRANTS | ||
| 650 | _aFARMERS | ||
| 650 | _aSUSTAINABLE FARMING | ||
| 690 |
_aRURAL _96268 |
||
| 942 | _n0 | ||
| 999 |
_c117137 _d117137 |
||